[Event "BRA-ch Amateurs U2000"]
[Site "Sao Paulo"]
[Date "2024.06.01"]
[Round "6"]
[White "Grillo, Carlos Henrique Gom"]
[Black "Dos Santos, Felipe Zeuli Biller"]
[Result "1-0"]
[WhiteElo "1965"]
[BlackElo "1773"]
[PlyCount "43"]
[EventDate "2024.05.30"]
[EventType "swiss"]
[EventRounds "7"]
[EventCountry "BRA"]
[SourceTitle "CB23_2024"]
[SourceDate "2024.06.05"]
[SourceVersion "1"]
[SourceVersionDate "2024.06.05"]
[SourceQuality "1"]

1. d4 d5 2. Nf3 Nf6 3. Bf4 Bg4 4. Nbd2 e6 5. e3 Be7 6. c4 c6 7. Qb3 Qb6 8. c5 Qxb3 9. axb3 Nbd7 10. b4 0-0 11. b5 Rfc8 12. h3 Bf5 13. Be2 h6 14. 0-0 Ne4 15. bxc6 Rxc6 16. Bb5 Ndf6 17. Bxc6 bxc6 18. Nxe4 Bxe4 19. Ne5 a6 20. Nxc6 Bf8 21. Ra3 Bd3 22. Rxd3 1-0

[Event "Sao Paulo Pascoa op"]
[Site "Sao Paulo"]
[Date "2024.03.29"]
[Round "2"]
[White "Dos Santos, Felipe Zeuli Biller"]
[Black "Grillo, Carlos Henrique Gom"]
[Result "0-1"]
[WhiteElo "1723"]
[BlackElo "1970"]
[PlyCount "146"]
[EventDate "2024.03.29"]
[EventType "swiss"]
[EventRounds "6"]
[EventCountry "BRA"]
[SourceTitle "CB14_2024"]
[SourceDate "2024.04.01"]
[SourceVersion "1"]
[SourceVersionDate "2024.04.01"]
[SourceQuality "1"]

1. c4 Nf6 2. Nc3 d5 3. cxd5 Nxd5 4. d4 g6 5. e4 Nxc3 6. bxc3 Bg7 7. Nf3 0-0 8. Bc4 c5 9. 0-0 Nc6 10. Be3 Qc7 11. Rc1 Bg4 12. h3 Bd7 13. Qd2 a6 14. Bh6 b5 15. Bxg7 Kxg7 16. Bd5 e6 17. Bb3 Na5 18. Qg5 Nxb3 19. axb3 Rfc8 20. e5 Ra7 21. Qf6+ Kg8 22. Rfe1 Bc6 23. dxc5 Bxf3 24. Qxf3 Qxc5 25. Qf6 Rd7 26. b4 Qd5 27. h4 Qd2 28. Rcd1 Qxd1 29. Rxd1 Rxd1+ 30. Kh2 h5 31. g4 hxg4 32. h5 gxh5 33. Qg5+ Kf8 34. Qh6+ Ke8 35. Qh8+ Kd7 36. Qg7 Re8 37. Qxf7+ Re7 38. Qf8 Rd5 39. Qa8 Rf7 40. Qb7+ Ke8 41. Qc8+ Ke7 42. Qc7+ Kf8 43. Qc8+ Kg7 44. Qxe6 Rd2 45. Qxa6 Rdxf2+ 46. Kg3 R2f3+ 47. Kh4 R7f5 48. Qb7+ Kg6 49. Qc6+ Kg7 50. Qd7+ Kg6 51. Qe6+ Rf6 52. Qg8+ Kf5 53. Qg5+ Ke6 54. Qg8+ Kxe5 55. Qe8+ Kf4 56. Qb8+ Ke3 57. Qe5+ Kd3 58. Qxb5+ Kxc3 59. Qc5+ Kb3 60. Qd5+ Kxb4 61. Qd4+ Kb3 62. Qd5+ Kc3 63. Qc5+ Kd3 64. Qd5+ Ke3 65. Qe5+ Kd2 66. Qd4+ Ke2 67. Qe5+ Kf1 68. Qb5+ Kg2 69. Qe2+ Rf2 70. Qe4+ Kh2 71. Qf5 Kh1 72. Qc5 R2f3 73. Kxh5 R6f5+ 0-1

[Event "Sao Paulo Sampa op"]
[Site "Sao Paulo"]
[Date "2024.02.02"]
[Round "6"]
[White "Dos Santos, Felipe Zeuli Biller"]
[Black "De Albuquerque, Ian Telek C"]
[Result "0-1"]
[WhiteElo "1538"]
[BlackElo "2089"]
[PlyCount "96"]
[EventDate "2024.01.29"]
[EventType "swiss"]
[EventRounds "9"]
[EventCountry "BRA"]
[SourceTitle "CB06_2024"]
[SourceDate "2024.02.07"]
[SourceVersion "1"]
[SourceVersionDate "2024.02.07"]
[SourceQuality "1"]

1. c4 Nf6 2. Nc3 d5 3. cxd5 Nxd5 4. d4 g6 5. Nf3 Bg7 6. Bg5 0-0 7. e3 Be6 8. Bd3 c5 9. Be4 Nc6 10. 0-0 cxd4 11. exd4 Rc8 12. Re1 Re8 13. Rc1 Nxc3 14. bxc3 Bxa2 15. Bxc6 Rxc6 16. Ra1 Bd5 17. Rxa7 Rxc3 18. Qd2 Rc8 19. Rb1 Qd7 20. Qa5 Qf5 21. Rd1 e6 22. Be3 Qg4 23. h3 Qh5 24. Qe1 Bxf3 25. gxf3 Qxf3 26. Qf1 Red8 27. Rd3 Qe4 28. Ra4 e5 29. f3 Qc6 30. Rb4 exd4 31. Bxd4 Bxd4+ 32. Rdxd4 Rxd4 33. Rxd4 Qc5 34. Qf2 Qc1+ 35. Qf1 Qxf1+ 36. Kxf1 b5 37. Rb4 Rc5 38. Ke2 Kg7 39. Kd3 Kf6 40. Kd4 Rc4+ 41. Rxc4 bxc4 42. Kxc4 Ke5 43. Kd3 Kf4 44. Ke2 Kg3 45. Ke3 Kxh3 46. Kf4 h5 47. Kg5 h4 48. f4 Kg3 0-1

[Event "Sao Paulo Sampa op"]
[Site "Sao Paulo"]
[Date "2024.01.29"]
[Round "1"]
[White "Nunes, Rafael Klanfer"]
[Black "Dos Santos, Felipe Zeuli Biller"]
[Result "0-1"]
[WhiteElo "1622"]
[BlackElo "1538"]
[PlyCount "86"]
[EventDate "2024.01.29"]
[EventType "swiss"]
[EventRounds "9"]
[EventCountry "BRA"]
[SourceTitle "CB06_2024"]
[SourceDate "2024.02.07"]
[SourceVersion "1"]
[SourceVersionDate "2024.02.07"]
[SourceQuality "1"]

1. e4 c5 2. Nf3 g6 3. Bc4 Bg7 4. c3 Nc6 5. d3 d6 6. 0-0 Bg4 7. Bxf7+ Kxf7 8. Ng5+ Ke8 9. Qxg4 e5 10. Ne6 Qd7 11. Nxg7+ Qxg7 12. Bg5 Qd7 13. Qh4 h6 14. Be3 Nge7 15. f4 Kd8 16. f5 gxf5 17. Rxf5 Kc7 18. Rf7 Rhg8 19. Nd2 Rg4 20. Qh5 Rag8 21. g3 Qe8 22. Raf1 Nd8 23. Qf5 Nxf7 24. Qxf7 Qd7 25. Bxh6 R8g6 26. Rf6 Rxf6 27. Qxf6 Rg6 28. Qf8 Ng8 29. Be3 Nf6 30. Nf3 Qe6 31. Nh4 Rg8 32. Qh6 Qf7 33. Nf5 Rg6 34. Qh3 Ng4 35. Bd2 Kb6 36. c4 a5 37. a3 Ka6 38. b4 axb4 39. axb4 cxb4 40. Bxb4 b5 41. cxb5+ Kxb5 42. Nxd6+ Rxd6 43. Bxd6 Qf2+ 0-1